Statistics for Gansu Province Quiz

Click here to take the quiz!

General Stats

  • This quiz has been taken 30 times
  • The average score is 10 of 12

Answer Stats

HintAnswer% Correct
The Mogao Caves were carved out and richly furnished by monks of this religionBuddhism
100%
Major desertGobi
100%
Bordering foreign countryMongolia
100%
Ancient trade route that passed through the regionSilk Road
100%
This river is considered the cradle of Chinese civilizationYellow River
100%
Ancient fortification. The part built by the Ming dynasty starts in Gansu.Great Wall
96%
Capital cityLan{zhou}
96%
The capital's __ quality is one of the worst in China, due to dust storms, factories and coal heatingAir
89%
The Chinese civil war continued until 1958 in Gansu, carried out by this religious groupMuslims
85%
Part of Gansu is an arable corridor between deserts, steppes and this high plain to the south{Tibetan} Plateau
85%
Ancient state that conquered China and created its first imperial dynastyQin
81%
Trouble-prone English footballer who played for Gansu Tianma in 2002Paul Gascoigne
15%

Score Distribution

Percentile by Number Answered

Percent of People with Each Score

Your Score History

You have not taken this quiz